| 000 | 00640nam a2200229 a 4500 | ||
|---|---|---|---|
| 001 | 13707 | ||
| 003 | BD-JhCC | ||
| 005 | 20240318090414.0 | ||
| 008 | 240318b20202023b |||| ||a| 000 0 b d | ||
| 020 | _a9789845100632 | ||
| 035 | _a(BD-JhCC)13707 | ||
| 040 |
_aBD-JhCC _dBD-JhCC |
||
| 041 | _aben | ||
| 082 |
_a891.443 _bJAL 2023 |
||
| 100 | _a জলদাস,হরিশংকর | ||
| 245 |
_aমৎস্য গন্ধা / _bহরিশংকর জলদাস |
||
| 260 |
_aঢাকা: _bকথা প্রকাশ; _c2023. |
||
| 300 |
_a369 p.: _c24 cm. |
||
| 650 | _aBengali Novel | ||
| 942 |
_2ddc _cBK |
||
| 999 |
_c13707 _d13707 |
||